[Event "Torun op"]
[Site "Torun"]
[Date "2002.??.??"]
[Round "5"]
[White "Baranska, Monika"]
[Black "Marchlewicz, Iwona"]
[Result "1-0"]
[WhiteElo "1900"]
[BlackElo "1600"]
[PlyCount "93"]
[EventDate "2002.??.??"]
[EventType "swiss"]
[EventRounds "9"]
[EventCountry "POL"]
[SourceTitle "EXT 2007"]
[Source "ChessBase"]
[SourceDate "2006.11.23"]
[SourceVersion "1"]
[SourceVersionDate "2006.11.23"]
[SourceQuality "1"]

1. d4 Nf6 2. c4 e6 3. Nc3 d5 4. Bg5 c6 5. e3 h6 6. Bh4 Be7 7. Nf3 Nfd7 8. Bg3 0-0 9. Be2 Nf6 10. Rc1 Qa5 11. 0-0 Bb4 12. Qc2 Nbd7 13. Ne5 Bxc3 14. bxc3 Ne4 15. Nxd7 Bxd7 16. Bd3 f5 17. Be5 Be8 18. cxd5 cxd5 19. f3 Nf6 20. e4 Bb5 21. Bxb5 Qxb5 22. exf5 exf5 23. Qxf5 Nd7 24. Qe6+ Kh7 25. Rb1 Qc6 26. Qxc6 bxc6 27. Rb7 Nxe5 28. dxe5 Rfe8 29. f4 c5 30. Rd1 Red8 31. Rc7 d4 32. cxd4 cxd4 33. Rc4 Rac8 34. Rxc8 Rxc8 35. Kf1 Rc2 36. Rxd4 Rxa2 37. Re4 Rd2 38. e6 Rd8 39. f5 Kg8 40. Ke2 a5 41. Ke3 Ra8 42. Ra4 Kf8 43. Ke4 Ke7 44. Ke5 Ra6 45. g4 g6 46. f6+ Kf8 47. Rd4 1-0

[Event "Torun op"]
[Site "Torun"]
[Date "2002.??.??"]
[Round "8"]
[White "Marchlewicz, Iwona"]
[Black "Wesolowska, Edyta"]
[Result "0-1"]
[WhiteElo "1600"]
[BlackElo "1800"]
[PlyCount "22"]
[EventDate "2002.??.??"]
[EventType "swiss"]
[EventRounds "9"]
[EventCountry "POL"]
[SourceTitle "EXT 2007"]
[Source "ChessBase"]
[SourceDate "2006.11.23"]
[SourceVersion "1"]
[SourceVersionDate "2006.11.23"]
[SourceQuality "1"]

1. e4 c5 2. Nf3 d6 3. d4 cxd4 4. Nxd4 Nf6 5. Nc3 Nc6 6. Bc4 Qb6 7. Nf5 Nxe4 8. Nxe4 Bxf5 9. Bd3 Bxe4 10. Bxe4 Qb4+ 11. Bd2 Qxe4+ 0-1